ՀՀ Գիտությունների ազգային ակադեմիայի հիմնարար գիտական գրադարան  =   Fundamental Scientific Library of NAS RA

Труды / (Record no. 439108)

MARC details
000 -LEADER
fixed length control field 00605nam a22001937a 4500
003 - CONTROL NUMBER IDENTIFIER
control field AM-YeHGA
040 ## - CATALOGING SOURCE
Original cataloging agency AM-YeHGA
090 ## - LOCALLY ASSIGNED LC-TYPE CALL NUMBER (OCLC); LOCAL CALL NUMBER (RLIN)
-- 441842
005 - DATE AND TIME OF LATEST TRANSACTION
control field 20250617155801.0
008 - FIXED-LENGTH DATA ELEMENTS--GENERAL INFORMATION
fixed length control field 191011b ||||| |||| 00| 0 rus d
041 0# - LANGUAGE CODE
Language code of text/sound track or separate title rus
110 2# - MAIN ENTRY--CORPORATE NAME
Corporate name or jurisdiction name as entry element Марийский НИИ языка, литературы и истории
245 10 - TITLE STATEMENT
Title Труды /
Statement of responsibility, etc. Марийский НИИ яз., лит. и истории
260 ## - PUBLICATION, DISTRIBUTION, ETC.
Place of publication, distribution, etc. Йошкар-Ола :
Name of publisher, distributor, etc. Б. и.,
Date of publication, distribution, etc. 1955
300 ## - PHYSICAL DESCRIPTION
Extent выпуск
505 1# - FORMATTED CONTENTS NOTE
Miscellaneous information Вып. 7 (1955; 209 с.)
653 0# - INDEX TERM--UNCONTROLLED
Uncontrolled term Марийский край
942 ## - ADDED ENTRY ELEMENTS (KOHA)
Source of classification or shelving scheme Universal Decimal Classification
Koha item type Գրքեր / Books
Holdings
Withdrawn status Lost status Damaged status Not for loan Collection Home library Current library Date acquired Serial enumeration / chronology Total checkouts Full call number Barcode Date last seen Price effective from Koha item type Public note
        General Fundamental Scientific Library Fundamental Scientific Library 11/10/2019 Вып. 7   РД II/64569 FL0602884 11/10/2019 11/10/2019 Գրքեր / Books 30 Days Loan


ՀՀ ԳԱԱ հիմնարար գիտական գրադարան
ՀՀ,Երևան 0019
Մարշալ Բաղրամյան 24/6
հեռախոս:(374-10) 52-47-50
Հետադարձ կապ

All site content, except where otherwise noted, is licensed under a
Creative Commons License